000 00283nam a22001337a 4500
008 210303b ||||| |||| 00| 0 eng d
041 _aeng
080 _a611.085
082 _a611.085
100 _a9
101 _aHIS
245 _aThe Ancient World
_cPareti, L
942 _2udc
_cBK
999 _c55625
_d55625